书目信息 |
| 题名: |
办好青少年业余体育学校
|
|
| 作者: | 本社编 | |
| 分册: | ||
| 出版信息: | 北京 人民体育出版社 1973 |
|
| 页数: | 59页 | |
| 开本: | 20cm | |
| 丛书名: | ||
| 单 册: | ||
| 中图分类: | G8 | |
| 科图分类: | ||
| 主题词: | 体育 | |
| 电子资源: | ||
| ISBN: | ||
| 000 | 00487nam0 2200181 450 | |
| 001 | 0640215094 | |
| 005 | 20060817094818.98 | |
| 010 | @dCNY0.20 | |
| 100 | @a20060808d1973 km y0chiy0120 ea | |
| 101 | 0 | @achi |
| 102 | @aCN@b110000 | |
| 200 | 1 | @a办好青少年业余体育学校@Aban hao qing shao nian ye yu ti yu xue xiao@f本社编@Fben she bian |
| 210 | @a北京@c人民体育出版社@d1973 | |
| 215 | @a59页@d20cm | |
| 606 | 0 | @a体育 |
| 690 | @aG8@v3 | |
| 801 | 0 | @aCN@bPFT@c20060817 |
| 905 | @a10447@dG8@e166 | |
| 办好青少年业余体育学校/本社编.-北京:人民体育出版社,1973 |
| 59页;20cm |
| ISBN :CNY0.20 |
| ● |
| 相关链接 |
|
|
|
|
正题名:办好青少年业余体育学校
索取号:G8/166
 
预约/预借
| 序号 | 登录号 | 条形码 | 馆藏地/架位号 | 状态 | 备注 |
| 1 | 0447320 | 204473202 | 密集书库/ [索取号:G8/166] | 在馆 | |
| 2 | 0465266 | 204652660 | 密集书库/ [索取号:G8/166] | 在馆 |